Una historia antes de la construcción del canal. Mujeres emigrantes y su paso por el istmo de Panamá: 1850-1881 /
Sábháilte in:
| Príomhchruthaitheoir: | |
|---|---|
| Formáid: | Téacs |
| Ábhair: | |
| Clibeanna: |
Cuir clib leis
Níl clibeanna ann, Bí ar an gcéad duine le clib a chur leis an taifead seo!
|
MARC
| LEADER | 00000 a a2200000 04500 | ||
|---|---|---|---|
| 001 | 18309 | ||
| 003 | |||
| 040 | |||
| 100 | |a Reyes, Eyra Marcela | ||
| 245 | |a Una historia antes de la construcción del canal. Mujeres emigrantes y su paso por el istmo de Panamá: 1850-1881 / |c Eyra Marcela Reyes | ||
| 650 | |a ZONA DEL CANAL DE PANAMA | ||
| 650 | |a MUJERES | ||
| 650 | |a INMIGRANTES | ||
| 650 | |a ESTADOUNIDENSES | ||
| 773 | |g volumen 3, número 1; páginas 45-54 | ||
| 999 | |c 34514 |d 34514 | ||
